000 00472nam a22001697a 4500
003 330010
005 20250701095031.0
008 250701b sa ||||| |||| 00| 0 eng d
020 _a9780702184819
_qpbk
040 _c3228
082 _a348.6804 JUTA
245 _aJuta's Index And Annotations To The South African Criminal Law Reports 2007-2009
250 _a1st Ed.
260 _aCape Town
_bJuta & Co, Ltd
_c2010
300 _a257 pages
_c24 cm
942 _2ddc
_cBOOK
_w190
_xDudu Mondlane
_y190
_zDudu Mondlane
999 _c778668
_d778667